[Event "12th Chennai Open 2020"]
[Site "Chennai"]
[Date "2020.01.23"]
[Round "8.10"]
[White "Taher, Yoseph Theolifus"]
[Black "Harshavardhan G B"]
[Result "1/2-1/2"]
[WhiteElo "2462"]
[BlackElo "2343"]
[Annotator "ChessBase"]
[PlyCount "100"]
[EventDate "2020.01.19"]
[EventType "swiss"]
[EventCountry "IND"]
[SourceTitle "playchess.com"]
[Source "ChessBase"]
[SourceQuality "1"]
[TimeControl "5400+30"]

1. e4 {[%emt 0:00:00]} e5 {[%emt 0:00:00]} 2. Nc3 {[%emt 0:00:00]} Nf6 {[%emt 0:00:00]} 3. g3 {[%emt 0:00:00]} Bc5 {[%emt 0:01:01]} 4. Bg2 {[%emt 0:00:08]} Nc6 {[%emt 0:00:16]} 5. Nge2 {[%emt 0:00:13]} d6 {[%emt 0:00:41]} 6. d3 {[%emt 0:02:43]} a6 {[%emt 0:00:22]} 7. O-O {[%emt 0:00:23]} Be6 {[%emt 0:00:22]} 8. Nd5 {[%emt 0:00:19]} Qd7 {[%emt 0:01:37]} 9. c3 {[%emt 0:02:25]} Ba7 {[%emt 0:02:36]} 10. d4 {[%emt 0:02:24]} exd4 {[%emt 0:02:56]} 11. Nxf6+ {[%emt 0:00:19]} gxf6 {[%emt 0:00:05]} 12. cxd4 {[%emt 0:00:06]} Bg4 {[%emt 0:02:08]} 13. f3 {[%emt 0:00:19]} Bh3 {[%emt 0:00:23]} 14. Bxh3 {[%emt 0:00:29]} Qxh3 {[%emt 0:00:07]} 15. Be3 {[%emt 0:00:08]} Qd7 {[%emt 0:02:41]} 16. Qd2 {[%emt 0:00:25]} O-O-O {[%emt 0:05:03]} 17. d5 {[%emt 0:00:08]} Bxe3+ {[%emt 0:00:10]} 18. Qxe3 {[%emt 0:00:02]} Ne7 {[%emt 0:01:39]} 19. a4 {[%emt 0:00:58]} Kb8 {[%emt 0:00:43]} 20. b4 {[%emt 0:00:07]} Rhe8 {[%emt 0:03:12]} 21. b5 {[%emt 1:28:54]} a5 {[%emt 0:00:54]} 22. Qd2 {[%emt 0:00:00]} f5 {[%emt 0:00:36]} 23. Nd4 {[%emt 0:00:00]} b6 {[%emt 0:05:11]} 24. exf5 {[%emt 0:00:00]} Ka8 {[%emt 0:02:32]} 25. g4 {[%emt 0:00:00]} Rc8 {[%emt 0:02:49]} 26. Ne2 {[%emt 0:00:00]} Ng8 {[%emt 0:02:04]} 27. Ng3 {[%emt 0:00:00]} Qd8 {[%emt 0:01:44]} 28. Rae1 {[%emt 0:00:00]} Nf6 {[%emt 0:03:19]} 29. Rxe8 {[%emt 0:00:00]} Qxe8 {[%emt 0:00:05]} 30. Re1 {[%emt 0:00:00]} Qd8 {[%emt 0:01:15]} 31. h4 {[%emt 0:00:00]} Nd7 {[%emt 0:01:41]} 32. Qg5 {[%emt 0:00:00]} Qh8 {[%emt 0:02:18]} 33. f6 {[%emt 0:00:00]} Nxf6 {[%emt 0:03:22]} 34. Qf5 {[%emt 0:00:00]} Kb8 {[%emt 0:01:41]} 35. Kg2 {[%emt 0:00:00]} Qg7 {[%emt 0:05:01]} 36. g5 {[%emt 0:00:00]} Ng8 {[%emt 0:01:06]} 37. Nh5 {[%emt 0:00:00]} Qb2+ {[%emt 0:03:12]} 38. Kh3 {[%emt 0:00:00]} Qd2 {[%emt 0:01:46]} 39. Re4 {[%emt 0:00:00]} h6 {[%emt 0:02:48]} 40. Ng3 {[%emt 0:00:00]} hxg5 {[%emt 0:00:58]} 41. Qxg5 {[%emt 0:00:00]} Qc3 {[%emt 0:01:00]} 42. Rf4 {[%emt 0:00:00]} f6 {[%emt 0:00:55]} 43. Qg7 {[%emt 0:00:00]} Qe3 {[%emt 0:00:57]} 44. Rf5 {[%emt 0:00:00]} Ne7 {[%emt 0:01:24]} 45. Rxf6 {[%emt 0:00:00]} Nxd5 {[%emt 0:00:07]} 46. Rf8 {[%emt 0:00:00]} Qe6+ {[%emt 0:02:13]} 47. Kh2 {[%emt 0:00:00]} Ne3 {[%emt 0:00:34]} 48. Rxc8+ {[%emt 0:00:00]} Kxc8 {[%emt 0:00:12]} 49. Kg1 {[%emt 0:00:00]} Qa2 {[%emt 0:00:45]} 50. Ne4 {[%emt 0:00:00]} Qe2 {[%emt 0:02:51]} 1/2-1/2

[Event "12th Chennai Open 2020"]
[Site "Chennai"]
[Date "2020.01.23"]
[Round "8.11"]
[White "Ravichandran, Siddharth"]
[Black "Pantsulaia, Levan"]
[Result "1/2-1/2"]
[WhiteElo "2358"]
[BlackElo "2598"]
[Annotator "TA"]
[PlyCount "56"]
[EventDate "2020.01.19"]
[EventType "swiss"]
[EventCountry "IND"]
[SourceTitle "playchess.com"]
[Source "ChessBase"]
[SourceQuality "1"]

{[%evp 9,56,54,69,48,58,64,64,32,83,75,110,90,103,50,96,68,88,65,88,90,138,137,132,126,127,110,146,115,241,208,201,44,670,468,454,355,447,0,53,0,392,0,42,0,273,0,8,0,276]} 1. e4 c5 2. Nf3 a6 3. c3 d6 4. d4 Qc7 5. h3 g6 6. Bd3 {B28: Sicilian: 2 Nf3 a6 (O'Kelly Variation)} Bg7 7. O-O Nf6 (7... Nd7 8. Re1 e5 9. Be3 Ngf6 10. dxe5 dxe5 11. c4 O-O 12. Nc3 b6 {1-0 (69) Lupulescu,C (2558)-Mamedov,R (2617) Plovdiv 2008}) 8. e5 {White is slightly better.} dxe5 (8... Nfd7 $14) 9. dxe5 $16 Nfd7 $146 ({Predecessor:} 9... Nd5 10. Re1 e6 11. Be4 O-O 12. Bxd5 exd5 13. Qxd5 {½-½ (48) Streiter,G (2005)-Gutmann,A (2100) St Johann im Pongau 2016}) 10. e6 $1 {[%cal Re6d7]} fxe6 11. Qe2 ({Better is} 11. Bc2 $16) 11... Nc6 12. Nbd2 {[%mdl 1024] White has strong compensation.} Nde5 13. Bc2 O-O 14. Ng5 Nd8 15. f4 $36 {[%mdl 2048] White is in control.} Nd7 16. Ndf3 Nf6 17. Ne5 b5 18. h4 Nb7 (18... c4 $16 {is a better defense.}) 19. h5 $1 $18 gxh5 20. Qxh5 {[%cal Rc2h7]} h6 $2 {[%mdl 8192]} (20... Nxh5 21. Bxh7+ Kh8 22. Ng6#) (20... Qxe5 $14 21. Qxh7+ (21. Bxh7+ Kh8 $11) 21... Nxh7 22. Bxh7+ (22. fxe5 $2 {is the wrong capture.} Rxf1+ 23. Kxf1 Nxg5 $19) 22... Kh8 23. fxe5 Rxf1+ 24. Kxf1 Bxe5) 21. Nef7 ({Weaker is} 21. Qh2 c4 $16) 21... hxg5 22. Nh6+ Kh8 23. Nf7+ $2 (23. Qh1 $18) 23... Kg8 $14 {[#]} 24. Nh6+ $2 {[%mdl 8192]} (24. Bh7+ $1 $14 {[%mdl 512]} Nxh7 25. fxg5) 24... Kh8 $18 25. Nf7+ $2 (25. Qh1 $18 g4 26. Re1 (26. Nxg4+ $2 Kg8 $17)) 25... Kg8 $14 {[#]} 26. Nh6+ $2 (26. Bh7+ $1 $14 {[%mdl 512]} Nxh7 27. fxg5) 26... Kh8 $18 {[#]} 27. Nf7+ $2 (27. Qg6 $1 $18 Qd7 28. fxg5) 27... Kg8 $11 {[#]} 28. Nh6+ $2 {[%mdl 8192]} (28. Bh7+ $1 $11 {[%mdl 512]} Nxh7 29. fxg5) 28... Kh8 {[%mdl 32768] Accuracy: White = 73%, Black = 33%. . An unexpected result.} 1/2-1/2

[Event "12th Chennai Open 2020"]
[Site "Chennai"]
[Date "2020.01.23"]
[Round "8.12"]
[White "Fedorov, Alexei"]
[Black "Pranesh M"]
[Result "1-0"]
[WhiteElo "2562"]
[BlackElo "2317"]
[Annotator "TA RC"]
[PlyCount "53"]
[EventDate "2020.01.19"]
[EventType "swiss"]
[EventCountry "IND"]
[SourceTitle "playchess.com"]
[Source "ChessBase"]
[SourceQuality "1"]

{[%evp 10,59,21,21,21,14,39,12,26,31,27,34,99,82,93,98,100,93,83,86,89,101,90,92,128,34,177,125,255,275,281,270,420,400,730,734,823,821,804,766,737,723,685,661,619,601,597,567,672,659,701,640]} 1. e4 e5 2. Nf3 Nc6 3. Bc4 Nf6 4. d3 Bc5 5. Bg5 d6 6. c3 Bb6 {C54: Giuoco Piano: 4 c3 Nf6, main lines with 5 d4 and 5 d3} (6... h6 7. Bh4 a6 8. a4 Ba7 9. Nbd2 Qe7 10. O-O g5 11. Bg3 Nd7 12. b4 Nf8 13. b5 Nd8 14. d4 Ng6 15. h3 h5 {1-0 (41) Dominguez Perez,L (2763)-Grischuk,A (2759) Khanty-Mansiysk 2019}) 7. a4 a6 8. Nbd2 h6 {The position is equal.} 9. Bh4 g5 $146 ({Predecessor:} 9... Be6 10. b4 Ne7 11. Qb3 Qd7 12. d4 exd4 13. Bxf6 gxf6 14. Nxd4 Bxd4 15. cxd4 {1-0 (45) Muzychuk,A (2555)-Zhao,X (2504) Batumi 2016}) 10. Bg3 Nh5 {[#]} (10... Ba7 $14) 11. Nxe5 $1 $16 Nxg3 12. Bxf7+ Kf8 13. Ng6+ {[%mdl 64] Double Attack} Kxf7 14. Nxh8+ Qxh8 15. hxg3 Bd7 16. Nc4 {[%cal Bd2c4,Bc4e3,Be3f5][%mdl 32]} Ba7 17. Qb3 (17. Qh5+ $16 Kg7 18. f4) 17... Ke7 ({Black should try} 17... Kg7 $14) 18. d4 (18. Qxb7 $18 Ne5 19. Nxe5 (19. Qxc7 Nxc4 20. Qxc4 Qb8 $18) 19... dxe5 20. Qxc7) 18... b5 (18... Qg8 $16) 19. axb5 $18 axb5 20. Ne3 Be6 (20... Re8 $142 21. Qxb5 Bb6 22. Nf5+ Bxf5) 21. Nf5+ {[%mdl 64] Double Attack} Kd7 (21... Bxf5 $142 22. exf5 Kf8) 22. d5 {[%mdl 64] Double Attack. White is clearly winning.} Bxf5 23. dxc6+ Ke7 24. exf5 Qe5+ 25. Kd2 Qxf5 26. Rae1+ Kf8 {[#]} 27. Rxh6 {Played: Qb3-e6} 1-0

[Event "12th Chennai Open 2020"]
[Site "Chennai"]
[Date "2020.01.23"]
[Round "8.13"]
[White "Saravana, Krishnan P."]
[Black "Vignesh N R"]
[Result "0-1"]
[WhiteElo "2313"]
[BlackElo "2472"]
[Annotator "ChessBase"]
[PlyCount "86"]
[EventDate "2020.01.19"]
[EventType "swiss"]
[EventCountry "IND"]
[SourceTitle "playchess.com"]
[Source "ChessBase"]
[SourceQuality "1"]
[TimeControl "5400+30"]

1. e4 {[%emt 0:00:00]} c5 {[%emt 0:02:50]} 2. Nf3 {[%emt 0:00:00]} d6 {[%emt 0:00:01]} 3. d4 {[%emt 0:00:01]} cxd4 {[%emt 0:00:02]} 4. Nxd4 {[%emt 0:00:06]} Nf6 {[%emt 0:00:04]} 5. Nc3 {[%emt 0:01:05]} a6 {[%emt 0:02:26]} 6. Bd2 {[%emt 0:01:37]} Nc6 {[%emt 0:05:08]} 7. Nxc6 {[%emt 0:01:44]} bxc6 {[%emt 0:00:02]} 8. Bd3 {[%emt 0:00:10]} g6 {[%emt 0:00:38]} 9. O-O {[%emt 0:09:08]} Bg7 {[%emt 0:00:11]} 10. Kh1 {[%emt 0:03:14]} O-O {[%emt 0:02:24]} 11. Qe1 {[%emt 0:00:55]} a5 {[%emt 0:06:05]} 12. Rd1 {[%emt 0:06:17]} a4 {[%emt 0:01:01]} 13. f4 {[%emt 0:00:27]} Nd7 {[%emt 0:01:56]} 14. f5 {[%emt 0:16:12]} e6 {[%emt 0:03:13]} 15. fxe6 {[%emt 0:13:31]} fxe6 {[%emt 0:00:15]} 16. Qg3 {[%emt 0:01:28]} Ne5 {[%emt 0:07:32]} 17. Bg5 {[%emt 0:01:30]} Rxf1+ {[%emt 0:02:00]} 18. Bxf1 {[%emt 0:01:56]} Qf8 {[%emt 0:01:09]} 19. Bc1 {[%emt 0:10:24]} d5 {[%emt 0:07:47]} 20. Be2 {[%emt 0:05:13]} Ba6 {[%emt 0:07:01]} 21. Bxa6 {[%emt 0:05:02]} Rxa6 {[%emt 0:00:13]} 22. exd5 {[%emt 0:00:13]} cxd5 {[%emt 0:01:40]} 23. a3 {[%emt 0:01:07]} Qf5 {[%emt 0:01:54]} 24. Bf4 {[%emt 0:04:48]} Nc4 {[%emt 0:00:30]} 25. Bc1 {[%emt 0:00:49]} Nd6 {[%emt 0:22:36]} 26. Qe1 {[%emt 0:03:49]} Rc6 {[%emt 0:03:14]} 27. h3 {[%emt 0:06:58]} d4 {[%emt 0:02:52]} 28. Ne2 {[%emt 0:00:48]} Qxc2 {[%emt 0:02:31]} 29. Bf4 {[%emt 0:03:14]} Nf5 {[%emt 0:03:17]} 30. Ng1 {[%emt 0:01:26]} Qc5 {[%emt 0:02:41]} 31. Nf3 {[%emt 0:00:15]} Qd5 {[%emt 0:00:24]} 32. Qb4 {[%emt 0:01:20]} Qb3 {[%emt 0:04:59]} 33. Qxb3 {[%emt 0:00:40]} axb3 {[%emt 0:00:02]} 34. Rd3 {[%emt 0:00:11]} g5 {[%emt 0:02:04]} 35. Nxg5 {[%emt 0:01:17]} e5 {[%emt 0:00:01]} 36. Bd2 {[%emt 0:00:11]} Rc2 {[%emt 0:00:43]} 37. Ne4 {[%emt 0:00:51]} Rxb2 {[%emt 0:00:09]} 38. a4 {[%emt 0:00:11]} Rb1+ {[%emt 0:04:14]} 39. Kh2 {[%emt 0:00:04]} b2 {[%emt 0:00:12]} 40. Rb3 {[%emt 0:00:05]} Ne3 {[%emt 0:00:03]} 41. g4 {[%emt 0:01:26]} Nc4 {[%emt 0:00:22]} 42. Rb8+ {[%emt 0:00:35]} Kf7 {[%emt 0:00:16]} 43. Rb7+ {[%emt 0:00:31]} Ke6 {[%emt 0:00:41]} 0-1

[Event "12th Chennai Open 2020"]
[Site "Chennai"]
[Date "2020.01.23"]
[Round "8.14"]
[White "Neverov, Valeriy"]
[Black "Samant Aditya S"]
[Result "1-0"]
[WhiteElo "2460"]
[BlackElo "2296"]
[Annotator "ChessBase"]
[PlyCount "97"]
[EventDate "2020.01.19"]
[EventType "swiss"]
[EventCountry "IND"]
[SourceTitle "playchess.com"]
[Source "ChessBase"]
[SourceQuality "1"]
[TimeControl "5400+30"]

1. d4 {[%emt 0:03:16]} Nf6 {[%emt 0:00:00]} 2. c4 {[%emt 0:00:05]} e6 {[%emt 0:00:00]} 3. Nc3 {[%emt 0:00:20]} Bb4 {[%emt 0:00:00]} 4. e3 {[%emt 0:00:05]} b6 {[%emt 0:00:20]} 5. Nge2 {[%emt 0:01:48]} c5 {[%emt 0:00:39]} 6. a3 {[%emt 0:00:24]} Ba5 {[%emt 0:00:10]} 7. Ng3 {[%emt 0:05:49]} Bb7 {[%emt 0:06:55]} 8. Bd2 {[%emt 0:02:36]} O-O {[%emt 0:14:54]} 9. Bd3 {[%emt 0:05:16]} d5 {[%emt 0:13:35]} 10. cxd5 {[%emt 0:03:17]} cxd4 {[%emt 0:02:04]} 11. exd4 {[%emt 0:01:03]} Bxc3 {[%emt 0:00:13]} 12. bxc3 {[%emt 0:01:05]} Qxd5 {[%emt 0:00:16]} 13. f3 {[%emt 0:01:17]} Ba6 {[%emt 0:03:05]} 14. Bc2 {[%emt 0:15:43]} Nc6 {[%emt 0:03:03]} 15. Kf2 {[%emt 0:00:14]} e5 {[%emt 0:12:58]} 16. Ne4 {[%emt 0:12:02]} Nd7 {[%emt 0:07:48]} 17. Be3 {[%emt 0:05:43]} Rad8 {[%emt 0:08:17]} 18. Re1 {[%emt 0:16:44]} f5 {[%emt 0:04:50]} 19. Nd2 {[%emt 0:01:26]} Kh8 {[%emt 0:02:53]} 20. Kg1 {[%emt 0:04:39]} exd4 {[%emt 0:04:21]} 21. cxd4 {[%emt 0:00:14]} Nf6 {[%emt 0:00:25]} 22. Bb3 {[%emt 0:03:42]} Qd6 {[%emt 0:01:05]} 23. Nc4 {[%emt 0:01:21]} Bxc4 {[%emt 0:00:14]} 24. Bxc4 {[%emt 0:00:03]} Nxd4 {[%emt 0:01:12]} 25. Bf2 {[%emt 0:02:19]} f4 {[%emt 0:05:21]} 26. Qd3 {[%emt 0:03:33]} Nc6 {[%emt 0:00:41]} 27. Qxd6 {[%emt 0:00:28]} Rxd6 {[%emt 0:00:04]} 28. Rac1 {[%emt 0:00:18]} Na5 {[%emt 0:01:50]} 29. Bf1 {[%emt 0:04:21]} Rd7 {[%emt 0:00:28]} 30. Bb5 {[%emt 0:00:31]} Rdf7 {[%emt 0:00:27]} 31. Red1 {[%emt 0:00:31]} Nb3 {[%emt 0:05:12]} 32. Rc4 {[%emt 0:02:17]} g5 {[%emt 0:01:05]} 33. h4 {[%emt 0:00:13]} h6 {[%emt 0:00:40]} 34. Rd6 {[%emt 0:00:50]} Nc5 {[%emt 0:01:11]} 35. hxg5 {[%emt 0:02:05]} hxg5 {[%emt 0:00:05]} 36. Bxc5 {[%emt 0:00:10]} bxc5 {[%emt 0:00:04]} 37. Rxc5 {[%emt 0:00:07]} Nh7 {[%emt 0:01:27]} 38. Bd3 {[%emt 0:00:59]} Rg7 {[%emt 0:00:06]} 39. Rh6 {[%emt 0:00:34]} Rfg8 {[%emt 0:00:54]} 40. Rxg5 {[%emt 0:00:51]} Rd7 {[%emt 0:00:34]} 41. Rxg8+ {[%emt 0:01:30]} Kxg8 {[%emt 0:00:05]} 42. Bxh7+ {[%emt 0:00:04]} Rxh7 {[%emt 0:00:06]} 43. Rxh7 {[%emt 0:00:11]} Kxh7 {[%emt 0:00:04]} 44. a4 {[%emt 0:00:17]} a5 {[%emt 0:00:31]} 45. Kf2 {[%emt 0:00:40]} Kg6 {[%emt 0:00:05]} 46. Ke2 {[%emt 0:00:48]} Kf5 {[%emt 0:01:04]} 47. Kd3 {[%emt 0:00:19]} Ke5 {[%emt 0:00:06]} 48. Kc4 {[%emt 0:00:31]} Kf5 {[%emt 0:00:36]} 49. Kd5 {[%emt 0:00:14]} 1-0

[Event "12th Chennai Open 2020"]
[Site "Chennai"]
[Date "2020.01.23"]
[Round "8.15"]
[White "Kunal, M.."]
[Black "Lugovskoy, Maxim"]
[Result "0-1"]
[WhiteElo "2288"]
[BlackElo "2453"]
[Annotator "ChessBase"]
[PlyCount "90"]
[EventDate "2020.01.19"]
[EventType "swiss"]
[EventCountry "IND"]
[SourceTitle "playchess.com"]
[Source "ChessBase"]
[SourceQuality "1"]
[TimeControl "5400+30"]

1. e4 {[%emt 0:00:00]} e6 {[%emt 0:03:24]} 2. d4 {[%emt 0:00:00]} d5 {[%emt 0:00:04]} 3. Nd2 {[%emt 0:00:00]} Nf6 {[%emt 0:00:05]} 4. e5 {[%emt 0:00:01]} Nfd7 {[%emt 0:00:04]} 5. Bd3 {[%emt 0:00:10]} c5 {[%emt 0:00:05]} 6. c3 {[%emt 0:00:07]} Nc6 {[%emt 0:00:03]} 7. Ne2 {[%emt 0:00:07]} cxd4 {[%emt 0:00:04]} 8. cxd4 {[%emt 0:00:10]} f6 {[%emt 0:00:02]} 9. exf6 {[%emt 0:00:12]} Qxf6 {[%emt 0:00:04]} 10. Nf3 {[%emt 0:01:33]} h6 {[%emt 0:00:04]} 11. O-O {[%emt 0:00:55]} Bd6 {[%emt 0:00:03]} 12. Ng3 {[%emt 0:03:23]} O-O {[%emt 0:00:06]} 13. Bc2 {[%emt 0:03:51]} Rf7 {[%emt 0:00:53]} 14. Re1 {[%emt 0:02:21]} Nf8 {[%emt 0:01:26]} 15. Nh5 {[%emt 0:02:36]} Qd8 {[%emt 0:00:10]} 16. Ne5 {[%emt 0:01:38]} Nxe5 {[%emt 0:00:37]} 17. dxe5 {[%emt 0:00:11]} Bc5 {[%emt 0:00:02]} 18. Be3 {[%emt 0:00:17]} d4 {[%emt 0:08:43]} 19. Bf4 {[%emt 0:00:12]} Bd7 {[%emt 0:01:17]} 20. Bd3 {[%emt 0:00:37]} Be8 {[%emt 0:04:53]} 21. Qg4 {[%emt 0:03:41]} Kh8 {[%emt 0:00:34]} 22. Bd2 {[%emt 0:01:18]} Rc7 {[%emt 0:14:42]} 23. h4 {[%emt 0:14:21]} a5 {[%emt 0:12:08]} 24. a3 {[%emt 0:00:39]} b5 {[%emt 0:00:15]} 25. b4 {[%emt 0:10:10]} Bb6 {[%emt 0:00:38]} 26. Nf4 {[%emt 0:06:22]} Bf7 {[%emt 0:05:14]} 27. h5 {[%emt 0:01:44]} axb4 {[%emt 0:03:11]} 28. axb4 {[%emt 0:02:37]} Rca7 {[%emt 0:00:07]} 29. Rxa7 {[%emt 0:01:19]} Rxa7 {[%emt 0:00:02]} 30. Ng6+ {[%emt 0:00:20]} Kg8 {[%emt 0:02:40]} 31. Rc1 {[%emt 0:07:47]} Bc7 {[%emt 0:02:58]} 32. Qe2 {[%emt 0:15:38]} Nd7 {[%emt 0:06:49]} 33. Bxb5 {[%emt 0:09:22]} Bxg6 {[%emt 0:05:29]} 34. hxg6 {[%emt 0:00:04]} Nxe5 {[%emt 0:00:04]} 35. f4 {[%emt 0:01:28]} d3 {[%emt 0:01:43]} 36. Qe4 {[%emt 0:00:09]} Ra2 {[%emt 0:09:25]} 37. fxe5 {[%emt 0:02:48]} Bb6+ {[%emt 0:02:39]} 38. Be3 {[%emt 0:01:51]} Re2 {[%emt 0:00:10]} 39. Bxb6 {[%emt 0:00:42]} d2 {[%emt 0:00:01]} 40. Bxe2 {[%emt 0:05:11]} dxc1=Q+ {[%emt 0:00:09]} 41. Kh2 {[%emt 0:00:06]} Qd5 {[%emt 0:03:50]} 42. Qxd5 {[%emt 0:03:08]} exd5 {[%emt 0:00:01]} 43. Bf2 {[%emt 0:00:57]} Qd2 {[%emt 0:00:32]} 44. Bf3 {[%emt 0:00:10]} Qxf2 {[%emt 0:00:06]} 45. Bxd5+ {[%emt 0:00:03]} Kf8 {[%emt 0:00:02]} 0-1

[Event "12th Chennai Open 2020"]
[Site "Chennai"]
[Date "2020.01.23"]
[Round "8.16"]
[White "Navin, Kanna T.u."]
[Black "Harikrishnan.A.Ra"]
[Result "0-1"]
[WhiteElo "2265"]
[BlackElo "2444"]
[Annotator "ChessBase"]
[PlyCount "56"]
[EventDate "2020.01.19"]
[EventType "swiss"]
[EventCountry "IND"]
[SourceTitle "playchess.com"]
[Source "ChessBase"]
[SourceQuality "1"]
[TimeControl "5400+30"]

1. e4 {[%emt 0:00:00]} e6 {[%emt 0:00:49]} 2. d4 {[%emt 0:00:00]} d5 {[%emt 0:00:17]} 3. Nc3 {[%emt 0:01:27]} Nf6 {[%emt 0:00:06]} 4. Bg5 {[%emt 0:00:38]} Be7 {[%emt 0:00:03]} 5. e5 {[%emt 0:00:36]} Nfd7 {[%emt 0:00:02]} 6. Bxe7 {[%emt 0:00:20]} Qxe7 {[%emt 0:00:02]} 7. f4 {[%emt 0:00:19]} a6 {[%emt 0:00:01]} 8. Nf3 {[%emt 0:00:10]} c5 {[%emt 0:00:01]} 9. Qd2 {[%emt 0:05:40]} Nc6 {[%emt 0:00:02]} 10. Be2 {[%emt 0:03:46]} cxd4 {[%emt 0:01:07]} 11. Nxd4 {[%emt 0:00:02]} Ndxe5 {[%emt 0:04:40]} 12. Nf5 {[%emt 0:00:02]} exf5 {[%emt 0:01:49]} 13. Nxd5 {[%emt 0:00:43]} Nf3+ {[%emt 0:01:15]} 14. gxf3 {[%emt 0:00:02]} Qh4+ {[%emt 0:00:09]} 15. Kd1 {[%emt 0:00:01]} O-O {[%emt 0:00:26]} 16. c4 {[%emt 0:00:01]} Be6 {[%emt 0:04:13]} 17. Kc2 {[%emt 0:00:24]} Rfd8 {[%emt 0:02:14]} 18. Qe1 {[%emt 0:04:45]} Nd4+ {[%emt 0:02:38]} 19. Kd3 {[%emt 0:01:01]} Qh6 {[%emt 0:04:16]} 20. Kxd4 {[%emt 0:04:44]} Qxf4+ {[%emt 0:00:03]} 21. Kc3 {[%emt 0:00:03]} Bxd5 {[%emt 0:00:13]} 22. cxd5 {[%emt 0:04:29]} Rac8+ {[%emt 0:00:06]} 23. Kb3 {[%emt 0:00:04]} Qe3+ {[%emt 0:00:08]} 24. Ka4 {[%emt 0:00:05]} Rxd5 {[%emt 0:04:58]} 25. Rd1 {[%emt 0:02:26]} Qe8+ {[%emt 0:07:10]} 26. Ka3 {[%emt 0:02:16]} Re5 {[%emt 0:00:05]} 27. Qb4 {[%emt 0:02:34]} a5 {[%emt 0:00:53]} 28. Qxb7 {[%emt 0:01:21]} Qf8+ {[%emt 0:03:14]} 0-1

[Event "12th Chennai Open 2020"]
[Site "Chennai"]
[Date "2020.01.23"]
[Round "8.17"]
[White "Rohith Krishna S"]
[Black "Rahman, Ziaur"]
[Result "1-0"]
[WhiteElo "2289"]
[BlackElo "2434"]
[Annotator "ChessBase"]
[PlyCount "97"]
[EventDate "2020.01.19"]
[EventType "swiss"]
[EventCountry "IND"]
[SourceTitle "playchess.com"]
[Source "ChessBase"]
[SourceQuality "1"]
[TimeControl "5400+30"]

1. d4 {[%emt 0:00:00]} d5 {[%emt 0:00:29]} 2. c4 {[%emt 0:00:00]} e6 {[%emt 0:00:21]} 3. Nc3 {[%emt 0:00:02]} c6 {[%emt 0:00:36]} 4. cxd5 {[%emt 0:02:45]} exd5 {[%emt 0:00:08]} 5. Qc2 {[%emt 0:00:05]} Bd6 {[%emt 0:06:20]} 6. Nf3 {[%emt 0:00:38]} Ne7 {[%emt 0:00:36]} 7. e3 {[%emt 0:02:48]} Bf5 {[%emt 0:00:38]} 8. Bd3 {[%emt 0:00:07]} Bxd3 {[%emt 0:00:06]} 9. Qxd3 {[%emt 0:00:05]} Nd7 {[%emt 0:01:35]} 10. Bd2 {[%emt 0:02:36]} f5 {[%emt 0:04:58]} 11. Ng5 {[%emt 0:08:20]} Nf6 {[%emt 0:01:39]} 12. f4 {[%emt 0:02:33]} Qd7 {[%emt 0:00:55]} 13. Rb1 {[%emt 0:04:42]} O-O {[%emt 0:02:32]} 14. O-O {[%emt 0:00:19]} Ne4 {[%emt 0:00:53]} 15. Nf3 {[%emt 0:08:39]} a5 {[%emt 0:04:36]} 16. Na4 {[%emt 0:08:30]} Qe8 {[%emt 0:02:54]} 17. Rbc1 {[%emt 0:03:25]} Rf6 {[%emt 0:01:52]} 18. Be1 {[%emt 0:05:00]} Ng6 {[%emt 0:06:59]} 19. Rc2 {[%emt 0:02:12]} Nf8 {[%emt 0:04:26]} 20. Ne5 {[%emt 0:06:18]} Rh6 {[%emt 0:09:14]} 21. Nb6 {[%emt 0:06:21]} Ra6 {[%emt 0:03:26]} 22. Qb3 {[%emt 0:01:06]} Bxe5 {[%emt 0:07:05]} 23. fxe5 {[%emt 0:01:30]} Qh5 {[%emt 0:05:35]} 24. g3 {[%emt 0:00:21]} Qf7 {[%emt 0:05:48]} 25. g4 {[%emt 0:03:27]} Rg6 {[%emt 0:06:56]} 26. Rg2 {[%emt 0:00:16]} Qc7 {[%emt 0:00:32]} 27. Nxd5 {[%emt 0:01:34]} cxd5 {[%emt 0:00:09]} 28. Qxd5+ {[%emt 0:00:04]} Rae6 {[%emt 0:06:17]} 29. gxf5 {[%emt 0:07:17]} Rxg2+ {[%emt 0:00:08]} 30. Kxg2 {[%emt 0:00:05]} Qc6 {[%emt 0:00:03]} 31. Qxc6 {[%emt 0:00:49]} Rxc6 {[%emt 0:00:02]} 32. Kf3 {[%emt 0:00:47]} Ng5+ {[%emt 0:00:09]} 33. Kf4 {[%emt 0:00:05]} Nf7 {[%emt 0:02:18]} 34. Bxa5 {[%emt 0:00:09]} Rc2 {[%emt 0:00:16]} 35. Bb4 {[%emt 0:00:51]} Rxb2 {[%emt 0:00:14]} 36. a3 {[%emt 0:00:05]} Nd8 {[%emt 0:00:37]} 37. e6 {[%emt 0:00:09]} Nc6 {[%emt 0:01:36]} 38. e7 {[%emt 0:00:11]} Nxe7 {[%emt 0:00:03]} 39. Bxe7 {[%emt 0:00:04]} Nd7 {[%emt 0:00:12]} 40. e4 {[%emt 0:00:52]} Kf7 {[%emt 0:00:43]} 41. Bd6 {[%emt 0:01:07]} Rxh2 {[%emt 0:00:55]} 42. Rb1 {[%emt 0:03:36]} b6 {[%emt 0:02:14]} 43. e5 {[%emt 0:01:08]} Rh4+ {[%emt 0:00:05]} 44. Ke3 {[%emt 0:00:06]} Ke8 {[%emt 0:00:08]} 45. Rc1 {[%emt 0:00:06]} Kd8 {[%emt 0:00:15]} 46. Rg1 {[%emt 0:00:04]} b5 {[%emt 0:00:36]} 47. Rxg7 {[%emt 0:00:05]} Rh3+ {[%emt 0:00:07]} 48. Ke4 {[%emt 0:00:13]} Nb6 {[%emt 0:00:04]} 49. Bc7+ {[%emt 0:00:03]} 1-0